| 000 | 01374nam a2200325 a 4500 | ||
|---|---|---|---|
| 001 | 45546 | ||
| 003 | BD-RjUL | ||
| 005 | 20211209054030.0 | ||
| 008 | 270716s1954 enka ab 100 0 eng d | ||
| 035 | _a(OCoLC)ocn744451809 | ||
| 035 | _a(OCoLC)744451809 | ||
| 035 | _aBD-RjUL)45664 | ||
| 040 |
_aZCU _cZCU _dBD-RjUL _beng |
||
| 041 | _aeng | ||
| 082 |
_a338.82 _bMON 1954 |
||
| 110 | 2 |
_aInternational Economic Association. _9130641 |
|
| 245 | 1 | 0 |
_aMonopoly and competition and their regulation _bPapers and proceedings of a conference held by the International Economic Association / _cedited by Edward H. Chamberlin. |
| 260 |
_aLondon : _bMacmillan ; _aNew York : _bSt. Martin's Press, _c1954. |
||
| 300 |
_axvi, 548, [1] p. : _bill. ; _c22 cm. |
||
| 504 | _aIncludes bibliographical references. | ||
| 650 | 0 |
_aGovernment ownership _xEconomic aspects. _9139418 |
|
| 650 | 0 |
_aTrusts, Industrial _xRegulation. _9139419 |
|
| 650 | 0 |
_aCompetition _xRegulation. _9139420 |
|
| 650 | 0 |
_aMonopolies. _9139421 |
|
| 650 | 0 |
_aCompetition, International _vCongresses. _9139422 |
|
| 700 | 1 |
_aChamberlin, Edward, _d1899-1967, _eeditor. _9139423 |
|
| 776 | 0 | 8 |
_aInternational Economic Association. _tMonopoly and competition and their regulation. _dLondon : Macmillan ; New York : St. Martin's Press, 1954 _w(DLC) 54003242 _w(OCoLC)813335 |
| 942 |
_2ddc _cBK |
||
| 999 |
_c45546 _d45546 |
||